ASM handbook of engineering mathematics / (Record no. 60995)

000 -LEADER
fixed length control field 01413cam a2200325 a 4500
001 - CONTROL NUMBER
control field 1389361
003 - CONTROL NUMBER IDENTIFIER
control field NUST-PNEC
005 - DATE AND TIME OF LATEST TRANSACTION
control field 20170116180712.0
008 - FIXED-LENGTH DATA ELEMENTS--GENERAL INFORMATION
fixed length control field 821115s1983 ohua b 001 0 eng
010 ## - LIBRARY OF CONGRESS CONTROL NUMBER
LC control number 82022664
020 ## - INTERNATIONAL STANDARD BOOK NUMBER
International Standard Book Number 087170157X
040 ## - CATALOGING SOURCE
Original cataloging agency DLC
Transcribing agency PNEC
Modifying agency DLC
050 00 - LIBRARY OF CONGRESS CALL NUMBER
Classification number TA332
Item number .A79 1983
082 00 - DEWEY DECIMAL CLASSIFICATION NUMBER
Classification number 510.2462 CHU
100 ## - MAIN ENTRY--PERSONAL NAME
9 (RLIN) 568
Personal name Chu Mamerto L.
245 00 - TITLE STATEMENT
Title ASM handbook of engineering mathematics /
Statement of responsibility, etc. by faculty members of the Department of Mechanical Engineering, the University of Akron, Mamerto L. Chu ... [et al.] and by Samuel J. Brown ; editorial coordinator, William G. Belding. Mamerto L. Chu
260 ## - PUBLICATION, DISTRIBUTION, ETC.
Place of publication, distribution, etc. Metals Park, Ohio :
Name of publisher, distributor, etc. American Society for Metals,
Date of publication, distribution, etc. c1983.
300 ## - PHYSICAL DESCRIPTION
Extent xiv, 697 p. :
Other physical details ill. ;
Dimensions 24 cm.
500 ## - GENERAL NOTE
General note http://www.amazon.com/ASM-Handbook-Engineering-Mathematics-Mamerto/dp/087170157X/ref=sr_1_1?s=books&ie=UTF8&qid=1413203185&sr=1-1&keywords=087170157X
504 ## - BIBLIOGRAPHY, ETC. NOTE
Bibliography, etc. note Includes bibliographical references and index.
650 #0 - SUBJECT ADDED ENTRY--TOPICAL TERM
Topical term or geographic name entry element Engineering mathematics
General subdivision Handbooks, manuals, etc. - ME
700 1# - ADDED ENTRY--PERSONAL NAME
Personal name Chu, Mamerto L.
700 1# - ADDED ENTRY--PERSONAL NAME
Personal name Brown, S. J.
Fuller form of name (Samuel J.)
700 1# - ADDED ENTRY--PERSONAL NAME
Personal name Belding, William G.
710 2# - ADDED ENTRY--CORPORATE NAME
Corporate name or jurisdiction name as entry element University of Akron.
Subordinate unit Department of Mechanical Engineering.
710 2# - ADDED ENTRY--CORPORATE NAME
Corporate name or jurisdiction name as entry element American Society for Metals.
740 0# - ADDED ENTRY--UNCONTROLLED RELATED/ANALYTICAL TITLE
Uncontrolled related/analytical title A.S.M. handbook of engineering mathematics.
906 ## - LOCAL DATA ELEMENT F, LDF (RLIN)
a 7
b cbc
c orignew
d 1
e ocip
f 19
g y-gencatlg
942 ## - ADDED ENTRY ELEMENTS (KOHA)
Source of classification or shelving scheme
Koha item type Book
Holdings
Withdrawn status Lost status Source of classification or shelving scheme Damaged status Not for loan Permanent Location Current Location Shelving location Date acquired Source of acquisition Cost, normal purchase price Total Checkouts Full call number Barcode Date last seen Cost, replacement price Price effective from Koha item type
          Pakistan Navy Engineering College (PNEC) Pakistan Navy Engineering College (PNEC) Reference 06/21/1985 Sasi Book Store 1328.00   510.2462 CHU PNECLIB-006458 10/13/2014 1328.00 06/21/1985 Book
© 2023 Central Library, National University of Sciences and Technology. All Rights Reserved.